| 000 | 00692nam a22002051i 4500 | ||
|---|---|---|---|
| 001 | 000030692 | ||
| 003 | RuMoIPM | ||
| 005 | 20260601103255.0 | ||
| 008 | 130415s1955----ur | c rus | ||
| 040 |
_aRuMoIPM _brus _ercr |
||
| 041 | 0 | _arus | |
| 080 | _a511.11(07) | ||
| 080 | _a511.13(07) | ||
| 100 | 1 | _aАндронов, Иван Козьмич | |
| 245 | 1 |
_aАрифметика дробных чисел и основных величин _bПособие для сред. школ _cИ. К. Андронов |
|
| 260 |
_aМосква _bУчпедгиз _c1955 |
||
| 300 |
_a344 с. _bил. |
||
| 500 | _aПеред загл. авт.: проф. И.К. Андронов | ||
| 942 | _cBK | ||
| 999 |
_c30692 _d30692 |
||